Statistics for NBA 2k21 all-time Milwaukee Bucks

Click here to take the quiz!

General Stats

  • This quiz has been taken 163 times
  • The average score is 7 of 15

Answer Stats

OverallPlayer% Correct
96Giannis Antetokounmpo
100%
99Kareem Abdul-Jabbar
99%
96Oscar Robertson
87%
86Khris Middleton
79%
91Ray Allen
72%
93Sidney Moncrief
61%
88Michael Redd
52%
92Marques Johnson
43%
87Vin Baker
30%
88Bob Dandridge
29%
87Terry Cummings
28%
85Jon McGlocklin
16%
87Junior Bridgeman
16%
85Paul Pressey
13%
86Brian Winters
2%

Score Distribution

Percentile by Number Answered

Percent of People with Each Score

Your Score History

You have not taken this quiz